| 000 | 00665nam a22001817a 4500 | ||
|---|---|---|---|
| 005 | 20251201094126.0 | ||
| 006 | a|||||r||||||||||| | ||
| 008 | 251201s |||||||| |||| 00| ||gre d | ||
| 020 |
_a9789605864798 _qχαρτόδετο |
||
| 040 |
_aGR-ThMCL _bgre _dGR-ThMCL _eAACR2 |
||
| 100 | 1 |
_4070 _aΓαβριηλίδου, Ζωή, |
|
| 245 | 1 | 0 | _aΔιδάσκοντας και μαθαίνοντας γλώσσα με το ChatGPT / |
| 250 | _a1η έκδοση | ||
| 260 |
_aΑθήνα : _bΕκδόσεις Κριτική, _c2024 |
||
| 300 |
_a121 σελίδες : _bεικονογράφηση (ασπρόμαυρη) ; _c21 εκ. |
||
| 942 | _cBK | ||
| 999 |
_c9978 _d9978 |
||